| 000 | 00550nam a2200181 a 4500 | ||
|---|---|---|---|
| 005 | 20140412111242.0 | ||
| 008 | 010727s19uu xx 00 eng d | ||
| 020 | _a1-56924-158-9 | ||
| 050 |
_aER _bHa11 1994 |
||
| 100 | _aKincaid, Lucy | ||
| 245 |
_aHansel and Gretel / _cstory adapted by Lucy Kincaid ; illustrated by Eric Kincaid. |
||
| 260 |
_aNew York : _bShooting Star Press, _c1994. |
||
| 300 | _a1v. (unp.) ; ill. | ||
| 440 | _aNow You Can Read, 3-7 years | ||
| 650 | _aChildren's stories | ||
| 650 | _aCourage-Fiction | ||
| 999 |
_c102767 _d102767 |
||